Figure Skating Women’s World Champions - Statistics

General Stats
  • This quiz has been taken 178 times
    152 since last reset
  • The average score is 11 of 24
Answer Stats
Year Answer % Correct
2021 Anna Shcherbakova
85%
2023 Kaori Sakamoto
81%
2022 Kaori Sakamoto
80%
2019 Alina Zagitova
75%
2017 Evgenia Medvedeva
69%
2024 Kaori Sakamoto
65%
2016 Evgenia Medvedeva
62%
2013 Yuna Kim
60%
2009 Yuna Kim
56%
2010 Mao Asada
47%
2014 Mao Asada
47%
2018 Kaetlyn Osmond
43%
2012 Carolina Kostner
41%
2000 Michelle Kwan
41%
2001 Michelle Kwan
39%
2008 Mao Asada
37%
2003 Michelle Kwan
31%
2015 Elizaveta Tuktamysheva
28%
2011 Miki Ando
24%
2007 Miki Ando
21%
2004 Shizuka Arakawa
20%
2002 Irina Slutskaya
18%
2005 Irina Slutskaya
18%
2006 Kimmie Meissner
9%
No matching quizzes found
Score Distribution
Percent of People with Each Score
Percentile by Number Answered
Your Score History
You have not taken this quiz since the last reset